Vicente Rojo (Record no. 907)

MARC details
000 -CABECERA
campo de control de longitud fija 00786nam a2200217 a 4500
001 - NÚMERO DE CONTROL
campo de control BRCA_1028
005 - FECHA Y HORA DE LA ÚLTIMA TRANSACCIÓN
campo de control 20190320203240.0
008 - DATOS DE LONGITUD FIJA--INFORMACIÓN GENERAL
campo de control de longitud fija 960712s1991 mx-a---##c---#000-0#spa-#
020 ## - NÚMERO INTERNACIONAL ESTÁNDAR DEL LIBRO
Número Internacional Estándar del Libro 9683619681
040 ## - FUENTE DE LA CATALOGACIÓN
Centro catalogador/agencia de origen DLC
Centro/agencia transcriptor DLC
041 ## - CÓDIGO DE LENGUA
Código de lengua del texto/banda sonora o título independiente engspa
050 #4 - SIGNATURA TOPOGRÁFICA DE LA BIBLIOTECA DEL CONGRESO
Número de clasificación NE546.R6
Número de documento/Ítem .V53 1991
245 10 - MENCIÓN DE TÍTULO
Título Vicente Rojo
Resto del título obra gráfica completa, 1969/1990.
260 ## - PUBLICACIÓN, DISTRIBUCIÓN, ETC.
Lugar de publicación, distribución, etc. México
Nombre del editor, distribuidor, etc. UNAM : Centro de Investigación y Servicios Museológicos
Fecha de publicación, distribución, etc. 1991
300 ## - DESCRIPCIÓN FÍSICA
Extensión 47 p.
Otras características físicas il. a color
Dimensiones 23 cm.
500 ## - NOTA GENERAL
Nota general Catálogo de la exposición realizada en la Galería Universitaria Aristos, (Ciudad de México), abril - junio, 1991
546 ## - NOTA DE LENGUA/LENGUAJE
Nota de lengua/lenguaje Texto en : español e inglés
600 14 - PUNTO DE ACCESO ADICIONAL DE MATERIA--NOMBRE DE PERSONA
Nombre de persona Rojo, Vicente
Fechas asociadas al nombre 1932-
Subdivisión de forma Exposiciones
9 (RLIN) 3381
650 14 - PUNTO DE ACCESO ADICIONAL DE MATERIA--TÉRMINO DE MATERIA
Término de materia o nombre geográfico como elemento de entrada Artistas españoles
Subdivisión de forma Biografía
Subdivisión cronológica Siglo XX
9 (RLIN) 3382
942 ## - ELEMENTOS DE PUNTO DE ACCESO ADICIONAL (KOHA)
Fuente del sistema de clasificación o colocación Library of Congress Classification
Tipo de ítem Koha Libros
Holdings
Estado de retiro Estado de pérdida Estado dañado No para préstamo Localización permanente Ubicación/localización actual Fecha de adquisición Total de préstamos Signatura topográfica completa Código de barras Fecha visto por última vez Precio válido a partir de Tipo de ítem Koha
El ejemplar forma parte de la colección y puede ser consultado según las políticas vigentes.       Biblioteca del Museo Franz Mayer (Rogerio Casas-Alatriste) Biblioteca del Museo Franz Mayer (Rogerio Casas-Alatriste) 26/06/2008   NE546.R6 .V53 1991 01516 22/03/2019 22/03/2019 Libros